000 01259nam0a22002411 4500
001 rc\3802028
005 20120311164505.8
035 _a(NLR Aleph) 007247715
090 _a5171806
_c5171806
100 _a20120311d1975 |||y0rusy50 ca
101 0 _arus
102 _aRU
105 _ay z |||||
200 1 _aИнструкция по подготовке исходных данных для составления на ЭВМ "Минск-22" смет на внешние сети водоснабжения, канализации, водостоков и газопровода с использованием программы "Сеть-1"
_fИсполн. инж. С.Б. Поливанова
_gГос. ком. по гражд. стр-ву и архитектуре при Госстрое СССР. Центр. науч.-исслед. и проектный ин-т типового и эксперим. проектирования жилища (ЦНИИЭП жилища)
210 _aМосква
_cБ. и.
_d1975
215 _a39 с.
_d30
333 _aДСП. Экз. № 00008
702 1 _aПоливанова
_bС. Б.
_4570
801 0 _aRU
_bNLR
_gpsbo
801 1 _aRU
_bELAR
_2rusmarc
852 _aNLR
_j75-50К/2502
942 _cBOOK
980 _aNB